000 00591nam a2200181Ia 4500
008 090123s9999 xx 000 0 und d
082 _b10644
100 _aमाटे म. श्री.
245 _aमाणुसकीचा गहिवर
250 _a7
260 _bकॉन्टिनेंटल प्रकाशन
_c1978
300 _a149
600 _aमाटे म. श्री.
630 _aमाणुसकीचा गहिवर
700 _aमाटे म. श्री.
730 _aमाणुसकीचा गहिवर
942 _cBOOK
999 _c48710
_d48710